Every Formula One Track - Statistics

General Stats
  • This quiz has been taken 21 times
  • The average score is 26 of 77
Answer Stats
Last Raced Answer Grand Prix Held % Correct
2022 Silverstone Circuit 57
100%
2022 Circuit de Spa-Francorchamps 55
94%
2022 Autodromo Nazionale di Monza 72
88%
2022 Albert Park Circuit 25
82%
2022 Autodromo Enzo e Dino Ferrari 30
82%
2022 Circuit de Monaco 68
82%
2022 Autodromo Jose Carlos Pace 39
76%
2022 Circuit Zandvoort 32
71%
2022 Miami International Autodrome 1
71%
2022 Suzuka International Racing Course 32
71%
2022 Yas Marina Circuit 14
71%
2022 Bahrain International Circuit 19
65%
2019 Hockenheimring 37
65%
2022 Hungaroring 37
65%
2023 Las Vegas Street Circuit 0
65%
2022 Marina Bay Street Circuit 13
65%
2020 Nurburgring 41
65%
2022 Baku City Circuit 6
59%
2022 Circuit Gilles-Villeneuve 41
59%
2022 Circuit of the Americas 10
59%
2022 Circuit Paul Ricard 18
59%
1986 Brands Hatch Circuit 14
53%
2022 Circuit de Barcelona-Catalunya 32
53%
1975 Montjuic Circuit 4
53%
2022 Red Bull Ring 36
53%
2021 Sochi Autodrom 8
47%
2022 Autodromo Hermanos Rodriguez 22
41%
2020 Autodromo Internazionale del Mugello 1
41%
2021 Losail International Circuit 1
41%
1995 Adelaide Street Circuit 11
35%
1996 Autodromo do Estoril 13
35%
2022 Jeddah Corniche Circuit 2
35%
2019 Shanghai International Circuit 16
35%
2021 Algarve International Circuit 2
29%
1998 Autodromo Juan y Oscar Galvez 20
29%
2013 Buddh International Circuit 3
29%
1997 Circuito Permanente de Jerez 7
29%
2017 Sepang International Circuit 19
29%
2012 Valencia Street Circuit 5
29%
1962 Aintree Motor Racing Circuit 5
24%
1984 Dallas Fair Park 1
24%
2008 Fuji Speedway 4
24%
2007 Indianopolis Motor Speedway 19
24%
2021 Intercity Istanbul Park 9
24%
1989 Autodromo Internacional do Rio de Janeiro 10
18%
1967 Bugatti Au Mans 1
18%
2008 Circuit de Nevers Magny-Cours 18
18%
1966 Circuit de Reims-Gueux 11
18%
1984 Circuit Zolder 10
18%
1988 Detroit Street Circuit 7
18%
1993 Donington Park 1
18%
1983 Long Beach Street Circuit 8
18%
1980 Watkins Glen International 20
18%
1959 AVUS 1
12%
1954 Circuit Bremgarten 5
12%
1974 Complexe Europeen de Nivelles-Baulers 2
12%
2013 Korea International Circuit 4
12%
1957 Pescara Circuit 1
12%
1991 Phoenix Street Circuit 3
12%
1965 Prince George Circuit 3
12%
1959 Sebring Raceway 1
12%
1982 Caesars Palace Grand Prix Circuit 2
6%
1984 Circuit Dijon-Prenois 6
6%
1981 Circuito Permanente del Jarama 9
6%
1977 Mosport International Raceway 8
6%
1960 Riverside International Raceway 1
6%
1968 Rouen-Les-Essarts 5
6%
1978 Scandinavian Raceway 6
6%
1995 TI Circuit Aida 2
6%
1964 Zeltweg Airfield 1
6%
1958 Ain-Diab Circuit 1
0%
1972 Charade Circuit 4
0%
1954 Circuit de Pedralbes 2
0%
1970 Circuit Mont-Tremblant 2
0%
1959 Circuito de Monsanto 1
0%
1960 Circuito do Boavista 2
0%
1993 Kyalami Grand Prix Circuit 20
0%
No matching quizzes found
Score Distribution
Percent of People with Each Score
Percentile by Number Answered
Your Score History
You have not taken this quiz